| 000 | 00000cas 2200000za 4500 |
| 001 | 9.504249 |
| 003 | CaOODSP |
| 005 | 20260105150633 |
| 007 | cr ||||||||||| |
| 008 | 150406c20139999qucqr p o f0 b0fre|d |
| 022 | |a2367-9808 |
| 040 | |aCaOODSP|bfre |
| 043 | |an-cn--- |
| 086 | 1 |aEn81-23F-PDF |
| 245 | 00|aBulletin des tendances et des variations climatiques |h[ressource électronique]. |
| 260 | |a[Gatineau, QC] : |bEnvironnement Canada, |c2014- |
| 310 | |aTrimestriel |
| 362 | 1 |aParaît depuis : printemps 2013. |
| 500 | |aPubl. aussi en anglais sous le titre : Climate trends and variations bulletin. |
| 520 | |a« Le Bulletin des tendances et des variations climatiques (BTVC) aide à communiquer à la population canadienne comment le climat du Canada a évolué récemment et plus anciennement, durant la période pour laquelle Environnement Canada possède des observations climatiques. »|uhttps://www.canada.ca/fr/environnement-changement-climatique/services/changements-climatiques/recherche-donnees/tendances-variabilite-climatiques/tendances-variations.html |
| 550 | |aPubl. 2015- par Environnement et Changement climatique Canada. |
| 692 | 07|2gccst|aClimat |
| 692 | 07|2gccst|aTendances |
| 710 | 1 |aCanada. |bEnvironnement Canada. |
| 710 | 1 |aCanada. |bEnvironnement et changement climatique Canada. |
| 775 | 08|tClimate trends and variations bulletin |w(CaOODSP)9.507871 |